Les Empereurs romains d'Orient / Empereurs Byzantins - Statistiques

Statistiques générales
  • Ce quiz a été pris 170 fois
  • Le résultat moyen est 59 sur 96
Statistiques - réponses
Dates Dynastie Empereur % Correct
641-668 Héraclide Constant II Héraclius
99%
641-641 Héraclide Constantin III Héraclius
97%
306-337 Constantinienne Constantin Ier
96%
668-685 Héraclide Constantin IV Pogonate
96%
1042-1055 Macédonienne Constantin IX
96%
1204-1205 Lascaris Constantin Lascaris
96%
741-775 Isaurienne Constantin V Copronyme
96%
780-797 Isaurienne Constantin VI
96%
976-1028 Macédonienne Constantin VIII
96%
913-959 Macédonienne Constantin VII Porphyrogénète
96%
1059-1067 Doukas Constantin X
96%
1448-1453 Paléologue Constantin XI Paléologue Dragasès
96%
578-582 Justinienne Tibère II Constantin
96%
518-527 Justinienne Justin Ier
89%
565-578 Justinienne Justin II
89%
527-565 Justinienne Justinien Ier
84%
685-695 Héraclide Justinien II Rhinotmète
84%
705-711 Années de chaos Justinien II Rhinotmète
84%
379-395 Théodosienne Théodose Ier
80%
408-450 Théodosienne Théodose II
80%
715-717 Années de chaos Théodose III
80%
1203-1204 Ange Alexis IV Ange
72%
1081-1118 Comnène Alexis Ier Comnène
71%
1180-1183 Comnène Alexis II Comnène
71%
1204-1204 Ange Alexis V Doukas Murzuphle
70%
1118-1143 Comnène Jean II Comnène
70%
1258-1261 Lascaris Jean IV Lascaris
70%
1294-1320 Paléologue Michel IX Paléologue
70%
1071-1078 Doukas Michel VII Doukas
70%
1261-1282 Paléologue Michel VIII Paléologue
70%
1222-1254 Lascaris Jean III Doukas Vatatzès
69%
1347-1354 Paléologue Jean VI Cantacuzène
69%
1425-1448 Paléologue Jean VIII Paléologue
69%
1390-1390 Paléologue Jean VII Paléologue
69%
1399-1403 Paléologue Jean VII Paléologue
69%
1341-1376 Paléologue Jean V Paléologue
69%
1379-1390 Paléologue Jean V Paléologue
69%
1390-1391 Paléologue Jean V Paléologue
69%
963-969 Macédonienne Nicéphore II Phocas
69%
969-976 Macédonienne Jean Ier Tzimiskès
68%
457-474 Thrace Léon Ier
68%
474-474 Thrace Léon II
68%
717-741 Isaurienne Léon III l'Isaurien
68%
775-780 Isaurienne Léon IV le Khazar
68%
886-912 Macédonienne Léon VI le Sage
68%
813-820 Arménienne Léon V l'Arménien
68%
811-813 Nicéphorienne Michel Ier Rhangabé
68%
842-867 Amorienne/Phrygienne Michel III l'Ivrogne
68%
820-829 Amorienne/Phrygienne Michel II le Bègue
68%
1034-1041 Macédonienne Michel IV le Paphlagonien
68%
1041-1042 Macédonienne Michel V
68%
1056-1057 Macédonienne Michel VI Bringas
68%
867-886 Macédonienne Basile Ier le Macédonien
66%
976-1025 Macédonienne Basile II
65%
610-641 Héraclide Héraclius Ier
65%
641-641 Héraclide Héraclonas (Héraclius II)
65%
802-811 Nicéphorienne Nicéphore Ier le Logothète
65%
1078-1081 Doukas Nicéphore III Botaniatès
65%
337-361 Constantinienne Constance II
64%
1205-1222 Lascaris Théodore Ier Lascaris
58%
1254-1258 Lascaris Théodore II Lascaris
58%
1185-1195 Ange Isaac II Ange
57%
797-802 Isaurienne Irène l'Athénienne
56%
361-363 Constantinienne Julien
55%
1143-1180 Comnène Manuel Ier Comnène
55%
1391-1425 Paléologue Manuel II Paléologue
54%
1057-1059 Comnène Isaac Ier
52%
364-378 Valentinienne Valens
52%
959-963 Macédonienne Romain II
51%
1028-1034 Macédonienne Romain III Argyre
51%
1068-1071 Doukas Romain IV Diogène
51%
1055-1056 Macédonienne Théodora Porphyrogénète
49%
886-913 Macédonienne Alexandre
45%
1183-1185 Comnène Andronic Ier Comnène
45%
1328-1341 Paléologue Andronic III Paléologue
44%
1282-1328 Paléologue Andronic II Paléologue
44%
1376-1379 Paléologue Andronic IV Paléologue
44%
1403-1407 Paléologue Andronic V Paléologue
44%
602-610 Justinienne Phocas
38%
698-705 Années de chaos Tibère III Apsimar
38%
474-491 Thrace Zénon
35%
363-364 Constantinienne Jovien
33%
1028-1050 Macédonienne Zoé Porphyrogénète
33%
395-408 Théodosienne Arcadius
30%
829-842 Amorienne/Phrygienne Théophile
30%
491-518 Thrace Anastase Ier
28%
713-715 Années de chaos Anastase II
28%
582-602 Justinienne Maurice
28%
1195-1203 Ange Alexis III Ange
26%
1203-1204 Ange Isaac II Ange
26%
1353-1357 Paléologue Mathieu Cantacuzène
24%
450-457 Théodosienne Marcien
23%
695-698 Années de chaos Léonce
19%
811-811 Nicéphorienne Staurakios
12%
475-476 Thrace Basiliscus
10%
711-713 Années de chaos Philippicos
9%
Aucun quiz correspondant
Distribution des résultats
% des personnes avec chaque résultat
Percentile par nombre de réponses
Votre historique - résultats
Vous n’avez pas pris ce quiz